Una audacia que genera expectativas /

Guardat en:
Dades bibliogràfiques
Autor principal: Carazo Zeledón, Mario
Format: Text
Matèries:
Etiquetes: Afegir etiqueta
Sense etiquetes, Sigues el primer a etiquetar aquest registre!

MARC

LEADER 00000 a a2200000 04500
001 8223
003
040
100 |a Carazo Zeledón, Mario  
245 |a Una audacia que genera expectativas /  |c Mario Carazo Zeledón 
650 |a GOBIERNO LOCAL  
650 |a REFORMA POLITICA  
773 |g volumen 5, número 4; páginas 22-26  
999 |c 37080  |d 37080